000 01656cam a2200409Ia 4500
001 5434099
003 KFFJRJFN
005 20220326193246.0
008 050513s2004 sz af bc 000 0 ger d
016 7 _a971576734
_2GyFmDB
020 _a2940271526
035 _a(OCoLC)ocm60375150
035 _a(NNC)5434099
040 _aOHX
_cOHX
_dBAKER
_dZCU
041 1 _ager
_aeng
_hita
072 7 _aN
_2lcco
082 _a704
_bC287b
100 _aCarmine, Giovanni y Jeane, Norma
_9213
245 0 0 _aBody proxy /
_cherausgegeben von Giovanni Carmine & Norma Jean ; [Autoren der Originaltexte: Giovanni Carmine, Alessandra Galasso].
246 1 4 _aNorma Jeane body proxy
260 _aZürich :
_bJRP-Ringier,
_cc2004.
300 _a191 p., 8 folded leaves of plates :
_bcol. ill. ;
_c24 cm.
500 _aIssued in conjunction with the exhibition ""Norma Jeane - Body Proxy" held 1. May-20. June 2004, Helmhaus Zürich ; January February 2005, SI, Swiss Institute - Contemporary Art, New York ; April - May 2005, Kunstverein Freiburg.
500 _aNorma Jeane is a "group of collaborators working under a single name". Cf. Swiss Institute Website.
504 _aIncludes bibliographical references.
610 2 0 _aNorma Jeane (Group)
_vExhibitions.
_9214
650 _xarte moderno
_xinstalaciones
_9215
700 1 _aCarmine, Giovanni.
_9216
700 1 _aGalasso, Alessandra.
_9217
710 2 _aNorma Jeane (Group)
_9218
710 2 _aHelmhaus Zürich.
_9219
710 2 _aSwiss Institute (New York, N.Y.)
_9220
710 2 _aKunstverein Freiburg.
_9221
948 0 _a20051020
_bx
_cfra1
_dSCMC
948 1 _a20051020
_bo
_ccep2
_dSCMC
999 _c34
_d34